000 00555nam a2200193Ia 4500
003 IN-BaIIA
008 211028s9999 xx 000 0 eng d
020 _a0-521-25320-9
040 _cIIA Library
080 _a535.41
_bSTE
100 _aSteel, W. H.
_97276
245 0 _aInterferometary
_cW. H. Steel
250 _a2nd ed.
260 _aCambridge
_bCambridge University Press
_c1983
300 _axv, 308p.
490 _aCambridge monographs on physics
650 _aInterferometry
_93249
942 _cBK
999 _c7864
_d7864